| 000 | 00909nam a2200277 i 4500 | ||
|---|---|---|---|
| 001 | 14578 | ||
| 003 | ES-MaACL | ||
| 005 | 20250716063231.0 | ||
| 007 | t| | ||
| 008 | 990427s1987 sp |||| | cat d | ||
| 020 | _a84-297-1882-6 | ||
| 080 | _a849.9-31"12" | ||
| 080 | _a849.9-97"12" | ||
| 100 | 0 |
_aRamón Llull, _cBeato, _dca. 1232-1316? _995219 |
|
| 245 | 1 | 0 |
_aLlibre d'Evast e Blanquerna / _cRamon Llull ; a cura de Maria Josepa Gallofré ; práoleg de Lola Badia. |
| 250 | _a2ª ed. | ||
| 260 |
_aBarcelona : _bEdicions 62, _c1987. |
||
| 300 |
_a355 p. ; _c19 cm. |
||
| 490 | 1 |
_aLes millors obres de la literatura catalana ; _v82 |
|
| 650 |
_aMisticismo. _915086 |
||
| 700 | 1 |
_aGallofré, Maria Josepa. _953639 |
|
| 700 | 1 |
_aBadia, Lola. _924537 |
|
| 830 | 0 |
_aLes millors obres de la literatura catalana ; _v82 _9181455 |
|
| 852 |
_aES-MaACL _jL-21774 |
||
| 999 |
_c14578 _d14578 |
||